| 000 | 00000nam##2200000za#4500 |
| 001 | 9.570842 |
| 003 | CaOODSP |
| 005 | 20210624182433 |
| 007 | cr ||||||||||| |
| 008 | 150406|2008||||xxc|||||o f|0| 0 eng|d |
| 022 | |a1919-5087 |
| 040 | |aCaOODSP|beng |
| 043 | |an-cn--- |
| 086 | 1 |aFs70-6/2008-035E-PDF |
| 110 | 1 |aCanada. |bDepartment of Fisheries and Oceans. |bCentral and Arctic Region. |
| 245 | 10|aTotal allowable harvest recommendations for Nunavut narwhal and beluga populations |h[electronic resource] |
| 246 | 1 |aCentral and Arctic Region - TAH recommendations for Nunavut narwhal and beluga |
| 250 | |aRev. September 2009 |
| 260 | |aWinnipeg - Manitoba : |bFisheries and Oceans Canada. |cAugust 2008. |
| 300 | |a7p.|billus., maps, references, tables |
| 490 | 1 |aCanadian Science Advisory Secretariat science advisory report |x1919-5087|v2008/035, Central and Arctic Region |
| 590 | |a11-21-Supp|b2011-09-30 |
| 775 | 08|tRecommandations concernant la récolte totale autorisée au sein des populations de narvals et de bélugas du Nunavut |w(CaOODSP)9.601486 |
| 830 | #0|aScience advisory report (Canadian Science Advisory Secretariat)|x1919-5087|v2008/035, Central and Arctic Region|w(CaOODSP)9.506226 |
| 856 | 40|ahttp://publications.gc.ca|qPDF|s257 KB|uhttps://publications.gc.ca/collections/collection_2011/mpo-dfo/Fs70-6-2008-035-eng.pdf|y2008/035, Central and Arctic Region |